000 00344nam a2200145Ia 4500
008 230724s2000 xx 000 0 und d
041 _aeng
082 _a345/MIS
100 _aMisra S N
245 _aIndian Penal Code
250 _a9th, Ed
260 _aAllahabad
_bCental Law Pub.
_c2000
300 _a648p.
650 _aINDIAN PENAL CODE
999 _c744381
_d744381